guess the kpop song quiz - Statistics

General Stats
  • This quiz has been taken 224 times
  • The average score is 4 of 13
Answer Stats
artist song % Correct
mamamoo HIP
69%
blackpink boombayah
49%
bts dna
47%
blackpink ddu du ddu du
44%
bts fire
43%
selpink ice cream
35%
blackpink playing with fire
29%
red velvet russian roulette
18%
red velvet zimzalabim
17%
2EN1 im the best
12%
red velvet red flavour
9%
bts boys with luv
0%
blackpink how do you like that
0%
No matching quizzes found
Score Distribution
Percent of People with Each Score
Percentile by Number Answered
Your Score History
You have not taken this quiz